000 00490cam a2200169 4500
001 D13196
008 090401t1916 xxu||||| |||| 00| 0 eng d
035 _a(Sirsi) u8335
041 _aeng
110 _aLand Agents Society
245 _aFacts about land: a reply to the `land` the report of the unofficial land enquiry committee, prepared by the Land Agents` Society
260 _aLondon
_bJohn Murray
_c1916
350 _a0
520 _aShelf 117
942 _n0
948 _c04/03/1997
999 _c86505
_d86505